000 00743nam a22002177a 4500
999 _c18115
_d18115
003 AR-CdUCM
008 190506b ||||| |||| 00| 0 spa d
040 _aMUNICIPALIDAD PROVINCIAL DEL CUSCO
_cBIBLIOTECA MUNICIPAL DEL CUSCO
082 _a523.1 /
_bC85
100 _aCouderc, Paúl
_936361
245 _aEl universo /
260 _aBuenos Aires :
_bEUDEBA,
_c1961.
300 _a63 páginas ;
_bfiguras, ilustraciones, tablas,
_c25 cm.
440 _aCuadernos de EUDEBA.
_n39.
_938513
505 _aContenido: Nuestra galaxia -- El conocimiento del espectro de las galaxias -- Cosmología ...
650 _aEclipses
_936363
650 _aFísica
_92382
650 _aAstronomía
_920572
942 _2ddc
_cLIBROS
945 _arum
_d2019-05-11